Normal view MARC view
  • Jiménez García, Vanesa

Entry Nombre Personal

Number of records used in: 1

001 - NUMERO DE CONTROL

  • campo de control: 59346

003 - IDENTIFICADOR DE NUMERO DE CONTROL

  • campo de control: MX-MxUPN

005 - FECHA Y HORA DE LA ÜLTIMA TRANSACCIÓN

  • campo de control: 20260424093418.0

008 - DATOS DE LONGITUD FIJA

  • campo de control de longitud fija: 260424nn ann||aabn n aaa d

040 ## - FUENTE DE CATALOGACIÓN

  • Agencia original de catalogación: MX-MxUPN
  • Lenguaje de catalogación: spa

100 1# - ENCABEZAMIENTO - NOMBRE PERSONAL

  • Nombre personal: Jiménez García, Vanesa

400 1# - VEÁSE - NOMBRE DE PERSONA

  • Personal name: García, Vanesa Jiménez

670 ## - FUENTE EN LA QUE SE LOCALIZARON DATOS

  • Cita de la fuente: Matemáticas 1, 2018 :
  • Información localizada: portada (Vanesa Jiménez García)

902 ## - CATALOGADOR

  • Catalogador: VíctorGodínez/240426